Statistics for Reality TV Show by Host

Click here to take the quiz!

General Stats

  • This quiz has been taken 73 times
  • The average score is 8 of 13

Answer Stats

HostReality Show% Correct
RuPaulRuPaul's Drag Race
87%
Donald TrumpThe Apprentice
84%
Gordon RamsayHell’s Kitchen, MasterChef
82%
Ryan SeacrestAmerican Idol
79%
Tyra BanksAmerica’s Next Top Model
79%
Jeff ProbstSurvivor
79%
Julie ChenBig Brother
54%
Heidi KlumProject Runway
43%
Jillian MichaelsThe Biggest Loser
42%
Tom BergeronDancing with the Stars
39%
Chris HarrisonThe Bachelor
37%
Phil KeoghanThe Amazing Race
36%
Padma LakshmiTop Chef
25%

Score Distribution

Percentile by Number Answered

Percent of People with Each Score

Your Score History

You have not taken this quiz